Business Intelligence ako nástroj podpory manažérskeho rozhodovania dizertačná práca

Na minha lista:
Detalhes bibliográficos
Autor principal: Zahumenský, Peter
Autor Corporativo: Podnikovohospodárska fakulta EU so sídlom v Košiciach. Katedra manažmentu
Outros Autores: Čarnický, Štefan
Formato: Livro
Idioma:eslovaco
Publicado em: Košice 2019
Assuntos:
Tags: Adicionar Tag
Sem tags, seja o primeiro a adicionar uma tag!

MARC

LEADER 00000nbm a2200000 4500
001 0257741
005 20230302102614.5
041 0 |a slo 
044 |a SK 
245 1 0 |a Business Intelligence ako nástroj podpory manažérskeho rozhodovania  |b dizertačná práca  |c Peter Zahumenský ; školiteľ: Štefan Čarnický 
264 1 |a Košice  |c 2019 
300 |a 178 s. 
610 2 0 |a business intelligence 
610 2 0 |a rozhodovanie manažérske 
610 2 0 |a hodnotenie pracovníkov 
610 2 0 |a riadenie projektové 
100 1 |a Zahumenský, Peter 
700 1 |a Čarnický, Štefan 
710 2 |a Podnikovohospodárska fakulta EU so sídlom v Košiciach. Katedra manažmentu